000
00342nam a22001457a 4500
008
210309b ||||| |||| 00| 0 eng d
020
_a
9781591366874
041
_a
eng
080
_a
004
082
_2
004
100
_a
31
101
_a
SHKI
245
_a
QuickBooks Pro 2014 Business & Accounting Series
_c
Trisha Conlon
942
_2
udc
_c
BK
999
_c
56079
_d
56079